000 00864aam a2200289 4500
001 768714001
003 CO-MdFUSB
005 20210917162230.0
007 ta
008 210917t1959 ck |||| |||| 00| 0 spa d
020 _a[No incluye ISBN]
040 _bspa.
_aCO-MdFUSB
_cCO-MdFUSB
_dCO-MdFUSBC
_erda
041 _aspa
082 0 4 _a986.1
_223
_bF8251g
100 1 _aFranco Isaza, Eduardo
_eautor
245 1 4 _aLas guerrillas del Llano :
_btestimonio de una lucha de cuatro años por la libertad
_c/ Eduardo Franco Isaza
264 0 _aBogotá, Colombia :
_bLibrería Mundial,
_c[1959]
300 _a349 páginas
_c; 23 cm
336 _2rdacontent
_atexto
_btxt
337 _2rdamedia
_asin mediación
_bn
338 _2rdacarrier
_avolumen
_bnc
563 _aTapa dura
653 _aGuerrillas
653 _aColombia
942 _cBK
945 _aJTF-925
999 _c40860
_d40860